000 00500nam a2200181Ia 4500
005 20250508152438.0
008 008 250505s9999 xx 000 0 eng d
037 _aTextual
040 _aFEDL
_beng
_cFEDL
041 _aeng
_2eng
084 _a320, YOU
_qFEDL
100 _aYoung Jeremiah S.
_9761504
245 0 _aGrowing in citizenship
260 _aNew York, USA
_bMcGraw Hill Book Company
_c1939
300 _axx,822p.
942 _cTEXL
_h320, YOU
999 _c1336465
_d1336465